000 00241nam a2200097Ia 4500
001 646905
005 20250826153652.0
008 250824s9999 xx 000 0 und d
245 0 _aÇUVALDİKEN KASABASI
_cFERDA İZBUDAK AKINCI
260 _bTUDEM
999 _c646905
_d646905